| 000 | 00638nam a22001337a 4500 | ||
|---|---|---|---|
| 040 | _cRUA | ||
| 082 | _aAVM PENH 2015 B508 Or.1 | ||
| 100 | _aPENH VANNAT, ពេញ វណ្ណាត | ||
| 245 | _aសិក្សាពីជំងឺញ៉ូកាសនិងអង់ទីគ័រពូជមាន់ក្នុងស្រុកតាមរយៈតេស្ត HAនិង HIនៅភូមិដំណាក់ឃុំក្រាំងយ៉ូវ ស្រុកស្អាង ខេត្តកណ្ដាល | ||
| 260 |
_aPhnom Penh _bRUA _c2015 |
||
| 300 |
_aix; 40p. _bill. _c29cm. |
||
| 856 | _uPENH VANNAT | ||
| 942 | _cAVM | ||
| 999 |
_c8910 _d8910 |
||